Fernando Escalante Gonzalbo: Ciudadanos imaginarios o las desventuras de la virtud. Entrevista /

שמור ב:
מידע ביבליוגרפי
מחבר ראשי: Escalante Gonzalbo, Fernando
מחברים אחרים: Hernández López, Conrado Entrevistador
פורמט: Texto
שפה:Spanish
נושאים:
תגים: הוספת תג
אין תגיות, היה/י הראשונ/ה לתייג את הרשומה!

MARC

LEADER 00000 a a2200000 04500
001 9668
003 cru CIDCACS/IIS
005 20180216132830.0
008 180216b ||||| |||| 00| 0 spa d
999 |c 22278  |d 22278 
040 |c cru CIDCACS/IIS 
100 |a Escalante Gonzalbo, Fernando  
245 |a Fernando Escalante Gonzalbo:   |b Ciudadanos imaginarios o las desventuras de la virtud. Entrevista /  |c Fernando Escalante Gonzalbo 
650 |a CORRUPCION  
650 |a LITERATURA  
650 |a DEMOCRACIA  
700 |a Hernández López, Conrado   |a Entrevistador  
773 |g volumen 8, número 33; páginas 70-75  
942 |2 ddc  |c LI